00596 2200205 4500001002100000005001500021035002000036007000300056008004100059020001800100082001000118084001600128100002300144245009800167250001100265260004800276300003100324650002500355990001000380INLIS00000000001341720220715105307 a0010-0722000901ta220715 g 0 ind  a9789792291438 a658.3 a658.3 DER h0 aDERMAWAN, wibisono1 aHow to create a world class company :bPanduan bagi manajer dan direktur /cDermawan Wibisono acet. 1 aJakarta :bPT Gramedia Pustaka Utama,c2012 axvi, 443 hlm ;c23 x 15 cm 4aManajemen perconalia a4526a